00630nam a22001817a 4500003000900000008004100009040007100050082001800121110001300139245008300152260001200235300004400247505009400291650001000385650001200395650001300407700002800420AR-CdUCM190517b ||||| |||| 00| 0 spa d aMUNICIPALIDAD PROVINCIAL DEL CUSCOcBIBLIOTECA MUNICIPAL DEL CUSCO a371.23 /bB23 aCervesur aConvenio municipalidad del Cusco Cervesur :bUna contribución a la cultura / aCusco : a152 páginas ;bilustraciones,c23 cm. aContenido: El ambiente escolar -- Día de la educación -- Día mundial de la salud... aCusco aCultura aCervesur aMunicipalidad del Cusco